|
|
|
|
| LEADER |
02156nam a2200481 i 4500 |
| 001 |
EBC4742061 |
| 003 |
MiAaPQ |
| 005 |
20200520144314.0 |
| 006 |
m o d | |
| 007 |
cr cnu|||||||| |
| 008 |
161123t20162016ncuab ob 001 0 eng d |
| 020 |
|
|
|z 9780822362173
|
| 020 |
|
|
|a 9780822373766 (e-book)
|
| 035 |
|
|
|a (MiAaPQ)EBC4742061
|
| 035 |
|
|
|a (Au-PeEL)EBL4742061
|
| 035 |
|
|
|a (CaPaEBR)ebr11297941
|
| 035 |
|
|
|a (CaONFJC)MIL970353
|
| 035 |
|
|
|a (OCoLC)940935869
|
| 040 |
|
|
|a MiAaPQ
|b eng
|e rda
|e pn
|c MiAaPQ
|d MiAaPQ
|
| 043 |
|
|
|a nwdr---
|a nwht---
|a cc-----
|
| 050 |
|
4 |
|a F1938.4
|b .E454 2016
|
| 082 |
0 |
|
|a 972.9304
|2 23
|
| 100 |
1 |
|
|a Eller, Anne,
|d 1980-
|e author.
|
| 245 |
1 |
0 |
|a We dream together :
|b Dominican independence, Haiti, and the fight for Caribbean freedom /
|c Anne Eller.
|
| 264 |
|
1 |
|a Durham, [North Carolina] ;
|a London, [England] :
|b Duke University Press,
|c 2016.
|
| 264 |
|
4 |
|c 2016
|
| 300 |
|
|
|a 1 online resource (401 pages) :
|b illustrations, map
|
| 336 |
|
|
|a text
|2 rdacontent
|
| 337 |
|
|
|a computer
|2 rdamedia
|
| 338 |
|
|
|a online resource
|2 rdacarrier
|
| 504 |
|
|
|a Includes bibliographical references and index.
|
| 588 |
|
|
|a Description based on print version record.
|
| 590 |
|
|
|a Electronic reproduction. Ann Arbor, MI : ProQuest, 2016. Available via World Wide Web. Access may be limited to ProQuest affiliated libraries.
|
| 651 |
|
0 |
|a Dominican Republic
|x History
|y 1844-1930.
|
| 651 |
|
0 |
|a Dominican Republic
|x Politics and government
|y 1844-1930.
|
| 651 |
|
0 |
|a Dominican Republic
|x Colonization.
|
| 651 |
|
0 |
|a Dominican Republic
|x Relations
|z Haiti.
|
| 651 |
|
0 |
|a Caribbean Area
|x History
|x Autonomy and independence movements.
|
| 651 |
|
0 |
|a Haiti
|x Relations
|z Dominican Republic.
|
| 655 |
|
4 |
|a Electronic books.
|
| 776 |
0 |
8 |
|i Print version:
|a Eller, Anne, 1980-
|t We dream together : Dominican independence, Haiti, and the fight for Caribbean freedom.
|d Durham, [North Carolina] ; London, [England] : Duke University Press, c2016
|h xviii, 381 pages
|z 9780822362173
|w 2016024763
|
| 797 |
2 |
|
|a ProQuest (Firm)
|
| 856 |
4 |
0 |
|u https://ebookcentral.proquest.com/lib/matrademy/detail.action?docID=4742061
|z Click to View
|